| 000 | 01559nam a22004577a 4500 | ||
|---|---|---|---|
| 003 | AR-RoUNA | ||
| 005 | 20260527083252.0 | ||
| 008 | 260527b |||||||| |||| 00| 0 spa d | ||
| 020 | _a0847804488 | ||
| 040 |
_aAR-RoUNA _bspa _dAR-RoUNA |
||
| 041 |
_aeng _heng |
||
| 044 | _aag | ||
| 110 | 1 |
_bJames Stirling, Michael Wilford y asociados _927754 |
|
| 245 | 1 | 0 |
_aJames Stirling : _bBuilding and Projects / _c James Stirling, Michael Wilford y asociados; compilado y editado por Peter Arnell y Ted Bickford |
| 250 | _a1a. ed. | ||
| 260 |
_aNueva York, NY, Estados Unidos : _bRizzoli, _c1991 |
||
| 300 |
_a346 p.: _bfot. col. _c28x23 cm |
||
| 505 | 0 | _tCONTENIDO | |
| 505 | 0 | _aCronograma de edificios y proyectos p.8 | |
| 505 | 0 | _aIntroducción por Colin Rowe p.10 | |
| 505 | 0 | _aEdificios y Proyectos p.28 | |
| 505 | 0 | _aBibliografías de James Stirling y Michael Wilford p.332 | |
| 505 | 0 | _tBibliografía | |
| 505 | 0 | _aArtículos sobre proyectos particulares p.334 | |
| 505 | 0 | _aExposiciones p.341 | |
| 505 | 0 | _aArtículos de James Stirling p.342 | |
| 505 | 0 | _aMonografías p.343 | |
| 505 | 0 | _aArtículos generales p.344 | |
| 505 | 0 | _tCréditos | |
| 505 | 0 | _aCréditos fotográficos p.346 | |
| 650 | 4 | _aArquitectura moderna | |
| 650 | 4 | _aSiglo XX | |
| 653 | _aArquitectos Ingleses | ||
| 700 | 1 |
_aArnell, Peter _ecomp. _910296 |
|
| 700 | 1 |
_aBickford, Ted _ecomp. _910297 |
|
| 908 | _aImp | ||
| 930 | _e12328 | ||
| 942 |
_2ddc _cLIB |
||
| 945 |
_aMIA _d2026-05-27 |
||
| 980 |
_61 _aMaricel Allasia _81 _gMaricel Allasia |
||
| 999 |
_c12430 _d12430 |
||